000
00266nam a22001217a 4500
082
_a
894.812.1
_b
PRA/K
100
_a
PRAVEEN
245
_a
KUTTIKAVITHAKAL
246
_a
KUTTIKAVITHAKAL
_b
KUTTIKAVITHAKAL
260
_a
SIVAKASI
_b
ESHA
_c
2023
300
_a
32
942
_c
BK
999
_c
8595
_d
8595